Библиография Победы

“Убежден: опыт солидарности, партнерства в годы борьбы с общей угрозой — это наше бесценное наследие, прочная опора именно сейчас, когда набирает силу необратимое движение к более справедливому многополярному миру, основанному на принципах доверия и неделимой безопасности, равных возможностей для самобытного и свободного развития всех стран и народов.”

В.В. Путин

Книжка для девочек (Запись № 89226)

Подробности
000 -МАРКЕР
контрольное поле 01599nkm0a2200361 4500
001 - ИДЕНТИФИКАТОР ЗАПИСИ
контрольное поле RU\NLR\BIBL_A\022720221
005 - ИДЕНТИФИКАТОР ВЕРСИИ
контрольное поле 20260406032946.0
035 ## - ДРУГИЕ СИСТЕМНЫЕ НОМЕРА
Идентификатор записи (NLR Aleph) 022720221
071 50 - ИЗДАТЕЛЬСКИЙ НОМЕР
Цена 1 руб.
-- 100000
100 ## - ДАННЫЕ ОБЩЕЙ ОБРАБОТКИ
Данные общей обработки 20260205d1945 c y0rusy50 ca
101 0# - ЯЗЫК РЕСУРСА
Язык текста, звукозаписи и т.д. русский
102 ## - СТРАНА ПУБЛИКАЦИИ ИЛИ ПРОИЗВОДСТВА
Страна публикации российская федерация
116 ## - ПОЛЕ КОДИРОВАННЫХ ДАННЫХ: ИЗОБРАЗИТЕЛЬНЫЕ МАТЕРИАЛЫ
Кодированные данные для изобразительных материалов. iiycxx bi zz
181 #0 - ПОЛЕ КОДИРОВАННЫХ ДАННЫХ: ВИД СОДЕРЖАНИЯ
Код вида содержания (ISBD) b4
Код характеристики содержания (ISBD) xb2e
182 #0 - ПОЛЕ КОДИРОВАННЫХ ДАННЫХ: ТИП СРЕДСТВА
Код типа средства (ISBD) n - непосредственное
200 1# - ЗАГЛАВИЕ И СВЕДЕНИЯ ОБ ОТВЕТСТВЕННОСТИ
Основное заглавие Книжка для девочек
Сведения, относящиеся к заглавию узоры для вышивания
-- [книжка-гармошка
Первые сведения об ответственности рисунки А. Порет
Последующие сведения об ответственности ответственный редактор Бабушкина]
203 ## - ВИД СОДЕРЖАНИЯ И ТИП СРЕДСТВА
Вид содержания Изображение
Дополнительные сведения об издании неподвижное
-- двухмерное
-- визуальное
Тип средства непосредственное
210 ## - ПУБЛИКАЦИЯ, РАСПРОСТРАНЕНИЕ И ДР.
Место издания, распространения и т.д. [Москва]
Имя издателя, распространителя и т. д. Тип. "Кр. зн." изд-ва ЦК ВЛКСМ "Молодая гвардия"
Дата издания, распространения и т.д. печ. 1945
215 ## - ФИЗИЧЕСКАЯ ХАРАКТЕРИСТИКА
Специфическое обозначение материала и объем 1 л. (слож. в [12] с. цв. ил., включ. обл.)
Размеры 7,5х8,2
225 1# - СЕРИЯ
Основное заглавие серии Б-ка Мурзилки
300 ## - ОБЩИЕ ПРИМЕЧАНИЯ
Текст примечания В вып. дан.: А21926 ; Подп. к печ. 9.IX.45 ; З. 2345
540 1# - ДОПОЛНИТЕЛЬНОЕ ЗАГЛАВИЕ, ПРИМЕНЯЕМОЕ КАТАЛОГИЗАТОРОМ
Заглавие Библиотека Мурзилки
606 ## - НАИМЕНОВАНИЕ ТЕМЫ КАК ПРЕДМЕТ
Наименование темы Книжки-игрушки
Идентификатор авторитетной/нормативной записи RU\NLR\AUTH\6601765960
Системный номер авторитетной/нормативной записи 2696004
686 1# - ИНДЕКСЫ ДРУГИХ КЛАССИФИКАЦИЙ
Индекс Ш801.38
686 1# - ИНДЕКСЫ ДРУГИХ КЛАССИФИКАЦИЙ
Индекс Ч617.67/68
700 #1 - ИМЯ ЛИЦА - ПЕРВИЧНАЯ ОТВЕТСТВЕННОСТЬ
Код отношения Иллюстратор
Начальный элемент ввода Порет
Часть имени, кроме начального элемента ввода А. И.
Дополнения к именам, кроме дат художник
Даты 1902-1984
Расширение инициалов личного имени Алиса Ивановна
Идентификатор авторитетной/нормативной записи RU\NLR\AUTH\770128008
Системный номер авторитетной/нормативной записи 127982
942 ## - ДОПОЛНИТЕЛЬНЫЕ ЭЛЕМЕНТЫ ЗАПИСИ (АБИС)
Тип экземпляра АБИС Визуальный материал
945 ## - Информацию об издании предоставили:
Полное название организации, предоставившей материал Российская национальная библиотека
980 ## - КОЛЛЕКЦИЯ
Название коллекции Библиография Победы
980 ## - КОЛЛЕКЦИЯ
Название коллекции Национальная библиография

Нет доступных экземпляров.